The African Informal Economy /
The informal sector is a vital sustainer of the African economy, employing more than 60% of sub-Saharan Africans. The book examines diverse segments of the informal sector, putting into consideration their structure, dynamics, resilience and gender issues. Chapters are based on empirical research on...
مؤلفون آخرون:
التنسيق: كتاب الكتروني
اللغة: English
منشور في:
Leiden ; Boston :
Brill,
2024.
سلاسل:
Social Sciences E-Books Online, Collection 2024.
Studies in Political Economy of Global Labor and Work ;
5.
الموضوعات:
الوصول للمادة أونلاين: Login to view Source
الوسوم: إضافة وسم
رقم الطلب: DT727
| LEADER | 02480nam a22005178i 4500 | ||
|---|---|---|---|
| 001 | BRILL9789004692657 | ||
| 003 | nllekb | ||
| 005 | 20240715181213.0 | ||
| 006 | m d | ||
| 007 | cr un uuuua | ||
| 008 | 240522s2024 gw sb 001 0 eng d | ||
| 020 | |a 9789004692657 |q (electronic book) | ||
| 020 | |z 9789004692640 |q (print) | ||
| 024 | 7 | |a 10.1163/9789004692657 |2 DOI | |
| 035 | |z (OCoLC)1420865851 | ||
| 040 | |a NL-LeKB |c NL-LeKB |e rda | ||
| 041 | |a eng | ||
| 050 | 4 | |a DT727 | |
| 072 | 7 | |a BUS |x 038000 |2 bisacsh | |
| 072 | 7 | |a JHBL |2 bicssc | |
| 072 | 7 | |a SOC |x 026000 |2 bisacsh | |
| 082 | 0 | 4 | |a 968 |2 23 |
| 245 | 1 | 4 | |a The African Informal Economy / |c edited by Ayokunle Olumuyiwa Omobowale. |
| 246 | 3 | |a Structure, Dynamics, and Resilience | |
| 264 | 1 | |a Leiden ; |a Boston : |b Brill, |c 2024. | |
| 264 | 4 | |c ©2024 | |
| 300 | |a 1 online resource (351 pages) : |b illustrations. | ||
| 336 | |a text |b txt |2 rdacontent | ||
| 337 | |a computer |b c |2 rdamedia | ||
| 338 | |a online resource |2 rdacarrier | ||
| 490 | 1 | |a Social Sciences E-Books Online, Collection 2024 | |
| 490 | 1 | |a Studies in Political Economy of Global Labor and Work ; |v 5 | |
| 504 | |a Includes bibliographical references and index. | ||
| 520 | |a The informal sector is a vital sustainer of the African economy, employing more than 60% of sub-Saharan Africans. The book examines diverse segments of the informal sector, putting into consideration their structure, dynamics, resilience and gender issues. Chapters are based on empirical research on women in the transport sector, vehicle maintenance artisanship, graduates in the informal sector, COVID 19, and the informal economy. Other chapters focus on the indigenous usury finance system, coconut oil production, herbal medicine, and the gig economy across countries including Nigeria, Kenya, Ghana, Togo, and Burkina Faso. | ||
| 546 | |a English | ||
| 588 | |a Description based on print version record. | ||
| 650 | 0 | |a African Studies. | |
| 650 | 0 | |a History. | |
| 650 | 0 | |a Sociology & Anthropology. | |
| 700 | 1 | |a Omobowale, Ayokunle Olumuyiwa, |e editor. | |
| 776 | 0 | 8 | |i Print version: |t The African Informal Economy : Structure, Dynamics, and Resilience. |d Leiden ; Boston : Brill, 2024. |z 9789004692640 |
| 830 | 0 | |a Social Sciences E-Books Online, Collection 2024. | |
| 830 | 0 | |a Studies in Political Economy of Global Labor and Work ; |v 5. | |
| 856 | 4 | |z DOI: |u http://dx.doi.org/10.1163/9789004692657 | |
| 942 | |2 lcc |c EBOOK | ||
| 999 | |c 58703 |d 58703 | ||
